000 00546nam a22002057a 4500
003 OSt
005 20140310182941.0
008 130204t xxu||||| |||| 00| 0 eng d
020 _a9715541410
050 _aDS 668
_b.D891 2002
082 _aFIL 959.99211
_bD89 2002
245 _aA History of the Filipino people for high schools
_cDumol, Paul
260 _aManila
_bSinag-Tala
_c2002
300 _a182 p. : ill.
_c27 cm.
521 _acollege students
526 _c1210L-1700L
541 _j1
562 _e1
942 _2lcc
_cBK
_kFIL
999 _c17741
_d17741